| 000 -ლიდერი |
| ფიქსირებული სიგრძის საკონტროლო ველი |
02138nam a2200253Ia 4500 |
| 001 - საკონტროლო ნომერი |
| საკონტროლო ველი |
23281 |
| 003 - საკონტროლო ნომრის იდენტიფიკატორი |
| საკონტროლო ველი |
GE_BSU |
| 005 - ბოლო ოპერაციის თარიღი და დრო |
| საკონტროლო ველი |
20230630113650.0 |
| 008 - ფიქსირებული სიგრძის მონაცემთა ელემენტები - ზოგადი ინფორმაცია |
| ფიქსირებული სიგრძის საკონტროლო ველი |
181216s1961ge xx |||||||||||||| ||geo|| |
| 040 ## - კატალოგიზაციის წყარო |
| Transcribing agency |
GE_BSU |
| 041 ## - ენის კოდი |
| Language code of text/sound track or separate title |
geo |
| 080 ## - უნივერსალური ათობითი კლასიფიკაციის ინდექსი |
| Universal Decimal Classification number |
94(479.22)(093უცხ.) გ-34 |
| 245 ## - ცნობა სათაურის შესახებ |
| Title |
გეორგიკა : |
| Remainder of title |
ბიზანტიელი მწერლების ცნობები საქართველოს შესახებ. ტ. 1 / |
| Statement of responsibility, etc |
ტექსტი ქართ. თარგმ. გამოსცეს და განმარტებები დაურთვეს ალ. გამყრელიძემ და ს. ყაუხჩიშვილმა. მთავ. რედ. ი. აბულაძე., ვლ. ფუთურიძე და სხვ. ბერძ-რომაული წყაროების სერიის რედ. ს. ყაუხჩიშვილ |
| 264 ## - წარმოების, გამოცემის, დისტრიბუციის და სხვა ცნობები |
| გამოცემის, წარმოების, დისტრიბუციის... ადგილი |
თბილისი : |
| გამოცემის, წარმოების, დისტრიბუციის... სახელწოდება |
საქ. სსრ მეცნ. აკად. გამ-ბა, |
| გამოცემის, წარმოების, დისტრიბუციის... თარიღი |
1961. |
| 300 ## - ფიზიკური აღწერა |
| Extent |
311 გვ.: |
| Other physical details |
22 სმ. |
| 501 ## - შენიშვნა თანმხლებ მასალაზე |
| With note |
საკუთარ სახ. საძიებ. გვ. 279-311 |
| 653 ## - INDEX TERM--UNCONTROLLED |
| Uncontrolled term |
გეორგიკა : ბიზანტიელი მწერლების ცნობები საქართველოს შესახებ. ტ. 1 |
| 653 ## - INDEX TERM--UNCONTROLLED |
| Uncontrolled term |
საქართველოს ისტორიის ბიზანტიური წყაროები |
| 700 ## - ADDED ENTRY--PERSONAL NAME |
| Personal name |
გამყრელიძე, ალ |
| Relator term |
მთარგმნელი |
| 9 (RLIN) |
19100 |
| 700 ## - ADDED ENTRY--PERSONAL NAME |
| Personal name |
ყაუხჩიშვილი, ს |
| Relator term |
მთარგმნელი |
| 9 (RLIN) |
19101 |
| 700 ## - ADDED ENTRY--PERSONAL NAME |
| Personal name |
აბულაძე, ი |
| Relator term |
მთავარი რედაქტორი და სხვ |
| 9 (RLIN) |
19102 |
| 710 ## - ADDED ENTRY--CORPORATE NAME |
| Corporate name or jurisdiction name as entry element |
საქ. სსრ მეცნ. აკადემია, საქ. შესახებ არსებული უცხოური წყაროების კომისია, ივ. ჯავახიშვილის სახ. ისტორიის ინ-ტი. |
| 9 (RLIN) |
19103 |
| 942 ## - ADDED ENTRY ELEMENTS (KOHA) |
| Koha item type |
წიგნი |
| Source of classification or shelving scheme |
|